Cristiano Ronaldo Filmography - Statistics

General Stats
  • This quiz has been taken 6 times
  • The average score is 3 of 30
Answer Stats
Type Year Name % Correct
Documentary 2015 Ronaldo
67%
Documentary 2008 Cristiano Ronaldo - The Story
50%
Commercial 2004-Present Nike
50%
Documentary Mini-Series 2021 All or Nothing: Juventus
17%
Documentary Mini-Series 2023 Captains of the World
17%
Documentary 2020 Cristiano Ronaldo: The One and Only
17%
Documentary 2014 Cristiano Ronaldo: World at His Feet
17%
Web Series 2022 I Am Georgina
17%
Documentary 2013 One Direction: This Is Us
17%
Documentary Series 2018 Six Dreams
17%
Commercial 2007 Banco Espírito Santo
0%
Documentary 2013 Cristiano Ronaldo - Footballing Superstar
0%
TV Special 2019 Cristiano Ronaldo Meets Piers Morgan
0%
Short Documentary 2016 Cristiano Ronaldo: Relentless
0%
Documentary 2012 Cristiano Ronaldo: The Portuguese Prodigy
0%
Documentary 2018 Cristiano Ronaldo: Vive Aquí
0%
TV Show 2004, 2006, 2007 Dream Team
0%
Commercial 2014 Facial Fitness Pao
0%
Music Video 2017 Mi Gente - Remix
0%
Commercial 2014 ReFa ACTIVE
0%
Short Documentary 2009 Remembering Ronaldo
0%
Film 2014 Roblox: The Movie
0%
Short Film 2017 Ronaldo's New Trainer
0%
Documentary 2011 Ronaldo: Tested to the Limit
0%
Commercial 2019 SFR TV
0%
TV Show 2006 Stars in Their Eyes Kids
0%
Short Film 2015 The Christmas Card
0%
Documentary 2014 The Making of Ronaldo
0%
Commercial 2021 Therabody Theragun
0%
Music Video 2010 Waka Waka (This Time for Africa)
0%
No matching quizzes found
Score Distribution
Percent of People with Each Score
Percentile by Number Answered
Your Score History
You have not taken this quiz